书目信息 |
| 题名: |
如何提升员工忠诚度
|
|
| 作者: | 王浩 , 蒋兰英 编著 | |
| 分册: | ||
| 出版信息: | 北京 北京大学出版社 2005.01 |
|
| 页数: | 270页 | |
| 开本: | 24cm | |
| 丛书名: | 职业经理人十万个怎么办 | |
| 单 册: | ||
| 中图分类: | F272.92 | |
| 科图分类: | ||
| 主题词: | 企业管理--人事管理 | |
| 电子资源: | ||
| ISBN: | 7-301-08297-5 | |
| 000 | 01076nam 2200265 450 | |
| 001 | 0149779612 | |
| 005 | 20050525094827.59 | |
| 010 | @a7-301-08297-5@d36.00CNY | |
| 100 | @a20050315d2005 km y0chiy0120 ea | |
| 101 | 0 | @achi |
| 102 | @aCN@b110000 | |
| 105 | @aa z 000yy | |
| 200 | 1 | @a如何提升员工忠诚度@Aru he ti sheng yuan gong zhong cheng du@f王浩, 蒋兰英编著@Fwang hao,jiang lan ying bian zhu |
| 210 | @a北京@c北京大学出版社@d2005.01 | |
| 215 | @a270页@c图@d24cm | |
| 225 | 2 | @a职业经理人十万个怎么办@i人力资源类@v320 |
| 330 | @a本书系统地描述了科学的忠诚度管理、从源头避免忠诚度滑坡、完善员工工作环境、薪酬体系建设、员工培训和职业发展以及以情感管理为核心的领导方式等方面的技能,同时还就具体类型员工的忠诚度提升提出了应对的方法,旨在为职业经理人维系和提升员工的忠诚度提供一些参考。 | |
| 410 | 0 | @12001 @a人力资源类 |
| 410 | 0 | @12001 @a职业经理人十万个怎么办 |
| 606 | 0 | @a企业管理@x人事管理 |
| 690 | @aF272.92@v4 | |
| 701 | 0 | @a王浩@Awang hao@4编著 |
| 701 | 0 | @a蒋兰英@Ajiang lan ying@4编著 |
| 801 | 0 | @aCN@bQSSK@c20050525 |
| 905 | @a10447@dF272.92@eW216 | |
| 如何提升员工忠诚度/王浩, 蒋兰英编著.-北京:北京大学出版社,2005.01 |
| 270页:图;24cm.-(职业经理人十万个怎么办.人力资源类;320) |
| ISBN 7-301-08297-5:36.00CNY |
| 本书系统地描述了科学的忠诚度管理、从源头避免忠诚度滑坡、完善员工工作环境、薪酬体系建设、员工培训和职业发展以及以情感管理为核心的领导方式等方面的技能,同时还就具体类型员工的忠诚度提升提出了应对的方法,旨在为职业经理人维系和提升员工的忠诚度提供一些参考。 |
| ● |
| 相关链接 |
|
|
|
正题名:如何提升员工忠诚度
索取号:F272.92/W216
 
预约/预借
| 序号 | 登录号 | 条形码 | 馆藏地/架位号 | 状态 | 备注 |
| 1 | 498628 | 204986284 | 社科库409/409社科库 90排4列1层/ [索取号:F272.92/W216] | 在馆 | |
| 2 | 498629 | 204986293 | 社科库409/422社科库 37排3列5层/ [索取号:F272.92/W216] | 在馆 | |
| 3 | 498630 | 204986300 | 社科库409/409社科库 90排4列1层/ [索取号:F272.92/W216] | 在馆 | |
| 4 | 533882 | 205338829 | 社科库409/422社科库 37排3列5层/ [索取号:F272.92/W216] | 在馆 | |
| 5 | 533883 | 205338838 | 社科库409/409社科库 90排4列1层/ [索取号:F272.92/W216] | 在馆 |